| 000 -LEADER |
| fixed length control field |
00860nam a2200217Ia 4500 |
| 001 - CONTROL NUMBER |
| control field |
17140 |
| 003 - CONTROL NUMBER IDENTIFIER |
| control field |
GE_BSU |
| 008 - FIXED-LENGTH DATA ELEMENTS--GENERAL INFORMATION |
| fixed length control field |
181216s||||||||xx |||||||||||||| ||und|| |
| 040 ## - CATALOGING SOURCE |
| Transcribing agency |
GE_BSU |
| 080 ## - UNIVERSAL DECIMAL CLASSIFICATION NUMBER |
| Universal Decimal Classification number |
37.01 |
| 100 ## - MAIN ENTRY--PERSONAL NAME |
| Personal name |
გოგებაშვილი, იაკობ (1840-1912) |
| 245 ## - TITLE STATEMENT |
| Title |
თხზულებანი. ტ. 8 |
| 245 ## - TITLE STATEMENT |
| Statement of responsibility, etc. |
რედ.: გ. თავზიშვილი და დ. ლორთქიფანიძე.ტომი შეადგინა, მოამზადა დასაბეჭდად და კომენტარები დაურთო ვ. ქაჯაიამ |
| 260 ## - PUBLICATION, DISTRIBUTION, ETC. |
| Place of publication, distribution, etc. |
თბილისი |
| 260 ## - PUBLICATION, DISTRIBUTION, ETC. |
| Name of publisher, distributor, etc. |
ცოდნა |
| 260 ## - PUBLICATION, DISTRIBUTION, ETC. |
| Date of publication, distribution, etc. |
1961 |
| 300 ## - PHYSICAL DESCRIPTION |
| Extent |
471გვ.22სმ. |
| 653 ## - INDEX TERM--UNCONTROLLED |
| Uncontrolled term |
თხზულებანი |
| 653 ## - INDEX TERM--UNCONTROLLED |
| Uncontrolled term |
პედაგოგიკა; |
| 942 ## - ADDED ENTRY ELEMENTS (KOHA) |
| Koha item type |
წიგნი |